Sassuolo Biggest Transfers - Statistics

General Stats
  • This quiz has been taken 27 times
  • The average score is 82 of 144
Answer Stats
% Correct
Incomings Ivory Coast LW Jeremie Boga 18/19 Chelsea
100%
Outgoings Ivory Coast LW Jeremie Boga 22/23 Atalanta
100%
Outgoings Italy SS Giacomo Raspadori 23/24 Napoli
96%
Outgoings Italy SS Giacomo Raspadori 22/23 Napoli
96%
Outgoings Italy ST Gianluca Scamacca 22/23 West Ham United
96%
Incomings Ivory Coast AM Hamed Junior Traore 21/22 Empoli
96%
Outgoings Ivory Coast AM Hamed Junior Traore 23/24 Bournemouth
96%
Incomings Italy DM Manuel Locatelli 19/20 Milan
96%
Outgoings Italy DM Manuel Locatelli 23/24 Juventus
96%
Incomings France ST Gregoire Defrel 20/21 Roma
92%
Incomings France ST Gregoire Defrel 15/16 Cesena
92%
Incomings France ST Gregoire Defrel 19/20 Roma
92%
Outgoings France ST Gregoire Defrel 18/19 Roma
92%
Outgoings France ST Gregoire Defrel 17/18 Roma
92%
Incomings Ghana CM Alfred Duncan 16/17 Sampdoria
88%
Outgoings Ghana CM Alfred Duncan 20/21 Fiorentina
88%
Outgoings Ghana CM Alfred Duncan 19/20 Fiorentina
88%
Incomings Italy ST Andrea Pinamonti 23/24 Inter Milan
88%
Incomings Italy CM Davide Frattesi 17/18 Roma
88%
Outgoings Italy CM Davide Frattesi 23/24 Inter Milan
88%
Outgoings Italy ST Gianluca Sansone 12/13 Torino
88%
Incomings Turkey CB Merih Demiral 19/20 Alanyaspor
88%
Outgoings Turkey CB Merih Demiral 19/20 Juventus
88%
Incomings Italy LW Nicola Sansone 13/14 Parma
88%
Outgoings Italy LW Nicola Sansone 16/17 Villarreal
88%
Incomings France LW Armand Lauriente 22/23 Lorient
83%
Incomings Italy AM Lorenzo Pellegrini 15/16 Roma
83%
Outgoings Italy AM Lorenzo Pellegrini 17/18 Roma
83%
Incomings Italy ST Simone Zaza 13/14 Juventus
83%
Outgoings Italy ST Simone Zaza 15/16 Juventus
83%
Incomings Romania CB Vlad Chiriches 20/21 Napoli
83%
Outgoings Romania CB Vlad Chiriches 22/23 Cremonese
83%
Incomings Italy RW Domenico Berardi 15/16 Juventus
79%
Outgoings Italy RW Domenico Berardi 13/14 Juventus
79%
Incomings Germany RB Jeremy Toljan 21/22 Borussia Dortmund
79%
Incomings Germany RB Jeremy Toljan 19/20 Borussia Dortmund
79%
Incomings Equatorial Guinea CM Pedro Obiang 19/20 West Ham United
79%
Incomings Spain RB Pol Lirola 17/18 Juventus
79%
Outgoings Spain RB Pol Lirola 20/21 Fiorentina
79%
Outgoings Spain RB Pol Lirola 19/20 Fiorentina
79%
Incomings Croatia RB Sime Vrsaljko 14/15 Genoa
79%
Outgoings Croatia RB Sime Vrsaljko 16/17 Atletico Madrid
79%
Incomings Italy GK Andrea Consigli 14/15 Atalanta
75%
Incomings Brazil LB Rogerio 19/20 Juventus
75%
Outgoings Brazil LB Rogerio 23/24 Wolfsburg
75%
Incomings Italy CB Francesco Acerbi 13/14 Genoa
71%
Outgoings Italy CB Francesco Acerbi 18/19 Lazio
71%
Incomings Croatia CB Martin Erlic 21/22 Spezia
71%
Incomings Brazil CM Matheus Henrique 22/23 Gremio
71%
Incomings Brazil CM Matheus Henrique 21/22 Gremio
71%
Incomings Turkey RB Mert Muldur 19/20 Rapid Vienna
71%
Outgoings Turkey RB Mert Muldur 23/24 Fenerbahce
71%
Incomings Italy CM Stefano Sensi 15/16 Cesena
71%
Outgoings Italy CM Stefano Sensi 20/21 Inter Milan
71%
Outgoings Italy CM Stefano Sensi 19/20 Inter Milan
71%
Incomings Uruguay ST Agustin Alvarez 22/23 Penarol
67%
Incomings Italy CB Gian Marco Ferrari 16/17 Crotone
67%
Incomings Scotland LB Josh Doig 23/24 Hellas Verona
67%
Outgoings Ghana AM Kevin-Prince Boateng 19/20 Fiorentina
67%
Outgoings Ghana AM Kevin-Prince Boateng 18/19 Barcelona
67%
Incomings Senegal ST Khouma Babacar 18/19 Fiorentina
67%
Incomings Senegal ST Khouma Babacar 17/18 Fiorentina
67%
Outgoings Senegal ST Khouma Babacar 19/20 Lecce
67%
Incomings Italy RW Matteo Politano 16/17 Roma
67%
Outgoings Italy RW Matteo Politano 19/20 Inter Milan
67%
Outgoings Italy RW Matteo Politano 18/19 Inter Milan
67%
Incomings France DM Maxime Lopez 21/22 Marseille
67%
Outgoings France DM Maxime Lopez 23/24 Fiorentina
67%
Incomings Italy AM Cristian Volpato 23/24 Roma
63%
Incomings Brazil CB Marlon 18/19 Barcelona
63%
Outgoings Brazil CB Marlon 21/22 Shakhtar Donetsk
63%
Incomings Albania AM Nedim Bajrami 23/24 Empoli
63%
Incomings Italy ST Francesco Caputo 19/20 Empoli
58%
Outgoings Italy ST Francesco Caputo 22/23 Sampdoria
58%
Incomings Denmark RW Jens Odgaard 18/19 Inter Milan
54%
Outgoings Denmark RW Jens Odgaard 22/23 AZ Alkmaar
54%
Incomings Turkey CB Kaan Ayhan 20/21 Fortuna Dusseldorf
54%
Outgoings Turkey CB Kaan Ayhan 23/24 Galatasaray
54%
Incomings Norway AM Kristian Thorstvedt 22/23 Genk
54%
Incomings Norway RB Marcus Pedersen 23/24 Feyenoord
54%
Incomings Brazil CB Ruan Tressoldi 21/22 Gremio
54%
Incomings Italy ST Samuele Mulattieri 23/24 Inter Milan
54%
Incomings Paraguay ST Antonio Sanabria 13/14 Barcelona
50%
Outgoings Paraguay ST Antonio Sanabria 14/15 Roma
50%
Incomings Italy CM Daniel Boloca 23/24 Frosinone
50%
Incomings Norway LW Emil Konradsen Ceide 22/23 Rosenborg
50%
Incomings Italy RB Filippo Missori 23/24 Roma
50%
Incomings France ST Janis Antiste 22/23 Spezia
50%
Incomings Slovenia CM Jasmin Kurtic 13/14 Palermo
50%
Outgoings Slovenia CM Jasmin Kurtic 15/16 Atalanta
50%
Incomings Uruguay CB Mauricio Lemos 17/18 Las Palmas
50%
Incomings Serbia CM Uros Racic 23/24 Valencia
50%
Incomings Italy DM Luca Lipani 23/24 Genoa
46%
Incomings Slovakia LW Lukas Haraslin 20/21 Lechia Gdansk
46%
Outgoings Slovakia LW Lukas Haraslin 22/23 Sparta Prague
46%
Incomings Algeria CM Saphir Taider 14/15 Inter Milan
46%
Incomings Italy CM Simone Missiroli 11/12 Reggina
46%
Incomings Italy ST Alessandro Matri 16/17 Milan
42%
Incomings Morocco CM Abdou Harroui 22/23 Sparta Rotterdam
38%
Outgoings Morocco CM Abdou Harroui 23/24 Frosinone
38%
Incomings Italy ST Antonio Floro Flores 14/15 Genoa
38%
Outgoings Italy ST Diego Falcinelli 18/19 Bologna
38%
Incomings Italy LB Federico Peluso 14/15 Juventus
38%
Incomings Italy RW Federico Ricci 17/18 Roma
38%
Incomings Italy DM Luca Mazzitelli 15/16 Roma
38%
Outgoings Italy DM Luca Mazzitelli 18/19 Genoa
38%
Incomings Italy LW Federico Di Francesco 18/19 Bologna
33%
Outgoings Italy LW Federico Di Francesco 21/22 SPAL
33%
Incomings Italy CB Filippo Romagna 20/21 Cagliari
33%
Incomings Italy CB Giangiacomo Magnani 18/19 Juventus
33%
Outgoings Italy CB Giangiacomo Magnani 21/22 Hellas Verona
33%
Incomings Italy ST Luca Moro 21/22 Padova
33%
Incomings Morocco DM Mehdi Bourabia 18/19 Konyaspor
33%
Outgoings Morocco DM Mehdi Bourabia 22/23 Spezia
33%
Incomings Italy CM Davide Biondini 14/15 Genoa
29%
Incomings Italy ST Marcello Trotta 15/16 Avellino
29%
Outgoings Italy ST Marcello Trotta 18/19 Frosinone
29%
Incomings Netherlands CB Timo Letschert 16/17 Utrecht
29%
Outgoings Italy ST Leonardo Pavoletti 15/16 Genoa
25%
Outgoings Italy CB Luca Antei 18/19 Benevento
25%
Incomings Ghana CM Raman Chibsah 13/14 Parma
25%
Outgoings Ghana CM Raman Chibsah 17/18 Benevento
25%
Incomings Italy LW Riccardo Ciervo 22/23 Roma
25%
Incomings Italy GK Alessandro Russo 19/20 Genoa
21%
Incomings France CB Andreaw Gravillon 19/20 Inter Milan
21%
Incomings Italy CB Luca Marrone 13/14 Juventus
21%
Outgoings Italy CB Luca Marrone 14/15 Juventus
21%
Incomings Italy RB Marcello Gazzola 11/12 Ascoli
21%
Incomings Italy ST Pietro Iemmello 16/17 Spezia
21%
Outgoings Italy ST Pietro Iemmello 18/19 Benevento
21%
Outgoings Italy ST Pietro Iemmello 17/18 Benevento
21%
Incomings Italy LB Riccardo Marchizza 17/18 Roma
21%
Outgoings Italy LB Riccardo Marchizza 23/24 Frosinone
21%
Incomings Italy ST Sergio Floccari 13/14 Lazio
21%
Incomings Italy CB Edoardo Goldaniga 17/18 Palermo
17%
Incomings Italy SS Enrico Brignola 18/19 Benevento
17%
Incomings Italy CM Francesco Cassata 17/18 Juventus
17%
Outgoings Italy CM Francesco Cassata 20/21 Genoa
17%
Incomings Switzerland CB Jonathan Rossini 13/14 Sampdoria
17%
Outgoings Italy LB Alessandro Tripaldelli 20/21 Cagliari
13%
Incomings Italy LW Antonino Ragusa 16/17 Cesena
13%
Outgoings Italy LW Antonino Ragusa 19/20 Hellas Verona
13%
Incomings Italy LB Marco Sala 19/20 Inter Milan
13%
Outgoings Italy CM Alessio Vita 17/18 Cesena
8%
No matching quizzes found
Score Distribution
Percent of People with Each Score
Percentile by Number Answered
Your Score History
You have not taken this quiz